Koncepce rozvoje evropských metropolí a regionů Evropské metropole a aglomerace

Medzinárodný seminár vo Viedni v r. 1994 na tému "Inovácia a urbanistický rozvoj". Hlavným predmetom programu bola vzájomná informovanosť o vedeckých programoch v oblasti regionálneho rozvoja a urbanizmu. Aktuálne problémové sféry rozvoja miest a jeho riadenia z hľadiska konkurencie metropolí v Euró...

Description complète

Enregistré dans:
Détails bibliographiques
Auteur principal: Hrůza, J.
Format: Chapitre de livre
Langue:tchèque
Sujets:
Tags: Ajouter un tag
Pas de tags, Soyez le premier à ajouter un tag!

MARC

LEADER 00000naa a2200000 4500
001 r017327
005 20221208131554.4
041 0 |a cze 
044 |a CZ 
245 1 0 |a Koncepce rozvoje evropských metropolí a regionů  |b Evropské metropole a aglomerace  |c J. Hrůza 
520 |a Medzinárodný seminár vo Viedni v r. 1994 na tému "Inovácia a urbanistický rozvoj". Hlavným predmetom programu bola vzájomná informovanosť o vedeckých programoch v oblasti regionálneho rozvoja a urbanizmu. Aktuálne problémové sféry rozvoja miest a jeho riadenia z hľadiska konkurencie metropolí v Európe - podnety pre rozvojovú politiku a aglomeráciu. 
610 2 0 |a semináre 
610 2 0 |a Viedeň 
610 2 0 |a 1994 
610 2 0 |a urbanizmus 
610 2 0 |a rozvoj regionálny 
610 2 0 |a mestá 
610 2 0 |a veľkomestá 
610 2 0 |a Európa 
610 2 0 |a aglomerácie mestské 
100 1 |a Hrůza, J.